[Event "Bad Woerishofen op"]
[Site "?"]
[Date "2003.??.??"]
[Round "5"]
[White "Emami, Madjid"]
[Black "Jaenig, Reinhard"]
[Result "1/2-1/2"]
[WhiteElo "2018"]
[BlackElo "2168"]
[Annotator "ChessOrg"]
[PlyCount "79"]

1. Nf3 c5 2. e4 e6 3. d3 d5 4. Qe2 Be7 5. g3 dxe4 6. dxe4 Nf6 7. Bg2 O-O 8. O-O
b6 9. Rd1 Qe8 10. e5 Nd5 11. c4 Nc7 12. Ng5 Bxg5 13. Bxg5 Nc6 14. Nc3 Nd4 15.
Qg4 f5 16. exf6 h5 17. Qe4 Rb8 18. fxg7 Rf5 19. Qh4 Qg6 20. f4 Bb7 21. Ne4 Ne8
22. b4 Rf7 23. Re1 Nc2 24. g4 Nxe1 25. Rxe1 Nxg7 26. bxc5 bxc5 27. Nf6+ Rxf6
28. Bxf6 Bxg2 29. Bxg7 Kxg7 30. gxh5 Qc2 31. Qg5+ Kh7 32. Qe7+ Kh8 33. Qf6+ Kh7
34. Qg6+ Qxg6 35. hxg6+ Kxg6 36. Kxg2 Rb2+ 37. Kf3 Kf6 38. Re2 Rb1 39. Re5 Rb2
40. Rxc5 1/2-1/2

[Event "Bad Woerishofen op"]
[Site "?"]
[Date "2003.??.??"]
[Round "5"]
[White "Kugelmann, Joachim"]
[Black "Vossenkuhl, Joachim"]
[Result "1-0"]
[WhiteElo "1922"]
[BlackElo "2166"]
[Annotator "ChessOrg"]
[PlyCount "47"]

1. e4 e6 2. d4 d5 3. Nd2 c5 4. exd5 Qxd5 5. Ngf3 cxd4 6. Nb3 Nc6 7. Nbxd4 Nxd4
8. Qxd4 Qxd4 9. Nxd4 a6 10. Be2 e5 11. Nb3 Bf5 12. c3 Nf6 13. Bg5 h6 14. Bxf6
gxf6 15. Bc4 Rg8 16. Bd5 O-O-O 17. Rd1 Be7 18. Na5 Rd7 19. Ke2 b6 20. Nc4 Bd8
21. Bxf7 Rxg2 22. Ne3 Bg4+ 23. Nxg4 Rxf7 24. Kf3 1-0

[Event "Bad Woerishofen op"]
[Site "?"]
[Date "2003.??.??"]
[Round "5"]
[White "Fischer, Johann"]
[Black "Valent, Peter"]
[Result "1-0"]
[WhiteElo "2306"]
[BlackElo "2086"]
[Annotator "ChessOrg"]
[PlyCount "33"]

1. d4 Nf6 2. c4 e6 3. Nc3 Bb4 4. e3 d5 5. Nf3 O-O 6. Bd3 c5 7. O-O Nc6 8. a3
cxd4 9. axb4 dxc3 10. bxc3 Qc7 11. cxd5 exd5 12. b5 Ne5 13. Nxe5 Qxe5 14. Ba3
Re8 15. Bc5 Ng4 16. f4 Qe6 17. f5 1-0

[Event "Bad Woerishofen op"]
[Site "?"]
[Date "2003.??.??"]
[Round "5"]
[White "Ries, Berthold"]
[Black "Loew, Gerald"]
[Result "0-1"]
[WhiteElo "2087"]
[BlackElo "2270"]
[Annotator "ChessOrg"]
[PlyCount "50"]

1. e4 c5 2. f4 d5 3. exd5 Nf6 4. Bb5+ Nbd7 5. c4 a6 6. Bxd7+ Bxd7 7. Nf3 g6 8.
O-O Bg7 9. a4 b5 10. axb5 axb5 11. Rxa8 Qxa8 12. d3 O-O 13. Ne5 Qc8 14. Nc3 b4
15. Nxd7 Qxd7 16. Nb5 Nxd5 17. d4 cxd4 18. Nxd4 Nxf4 19. Rxf4 e5 20. Rf1 exd4
21. Qb3 Qb7 22. Bd2 Rc8 23. Bxb4 Bf8 24. c5 Bxc5 25. Rc1 d3+ 0-1

[Event "Bad Woerishofen op"]
[Site "?"]
[Date "2003.??.??"]
[Round "5"]
[White "Schmidt, Andreas"]
[Black "Gerstner, Bernhard"]
[Result "0-1"]
[WhiteElo "2245"]
[BlackElo "2076"]
[Annotator "ChessOrg"]
[PlyCount "94"]

1. e4 e5 2. Nf3 Nc6 3. Bc4 Nf6 4. Nc3 Bb4 5. a3 Bxc3 6. dxc3 d6 7. Qd3 Be6 8.
Bg5 h6 9. Bh4 Bxc4 10. Qxc4 Qe7 11. Qb5 Rb8 12. Nd2 Qe6 13. f3 Nh5 14. g4 Nf4
15. Bg3 a6 16. Qf1 Rd8 17. O-O-O Kd7 18. Nc4 Kc8 19. Kb1 d5 20. Bxf4 exf4 21.
exd5 Rxd5 22. Rxd5 Qxd5 23. Qd3 Rd8 24. Qxd5 Rxd5 25. Kc1 Kd7 26. Rd1 Ke6 27.
Re1+ Ne5 28. Nxe5 Rxe5 29. Rxe5+ Kxe5 30. h4 g5 31. Kd2 f5 32. hxg5 hxg5 33.
gxf5 Kxf5 34. Ke2 g4 35. fxg4+ Kxg4 36. Kf2 f3 37. c4 c5 38. b4 b6 39. c3 Kf4
40. Ke1 Ke3 41. a4 a5 42. b5 Kd3 43. Kf2 Kxc4 44. Kxf3 Kxc3 45. Ke4 c4 46. Kd5
Kb4 47. Kc6 c3 0-1

[Event "Bad Woerishofen op"]
[Site "?"]
[Date "2003.??.??"]
[Round "5"]
[White "Wiest, Georg"]
[Black "Fahnenschmidt, Gerhard"]
[Result "1-0"]
[WhiteElo "2084"]
[BlackElo "2220"]
[Annotator "ChessOrg"]
[PlyCount "65"]

1. e4 c5 2. Nf3 d6 3. d3 Nc6 4. g3 g6 5. Bg2 Bg7 6. O-O h5 7. c3 h4 8. Nxh4 e5
9. Nf3 Bh3 10. Bxh3 Rxh3 11. Ng5 Rh5 12. Qb3 Qd7 13. f4 Nh6 14. f5 gxf5 15. Qd1
Ng4 16. Rxf5 Nh6 17. Rxf7 Nxf7 18. Qxh5 Ncd8 19. Na3 b5 20. Be3 Rb8 21. Rf1 Rb7
22. Qg6 Bf8 23. Nh7 Qh3 24. Nf6+ Ke7 25. Nd5+ Kd7 26. Rxf7+ Nxf7 27. Qxf7+ Kc6
28. Qe8+ Qd7 29. Qxf8 b4 30. cxb4 cxb4 31. Nc4 b3 32. Nxe5+ dxe5 33. Qc5# 1-0

[Event "Bad Woerishofen op"]
[Site "?"]
[Date "2003.??.??"]
[Round "5"]
[White "Wiesbeck, Florian"]
[Black "Beckert, Armin"]
[Result "1/2-1/2"]
[WhiteElo "1882"]
[BlackElo "1602"]
[Annotator "ChessOrg"]
[PlyCount "107"]

1. d4 e6 2. c4 b6 3. a3 Bb7 4. Nc3 Nf6 5. Bg5 Be7 6. Qc2 d5 7. cxd5 Nxd5 8.
Bxe7 Qxe7 9. Nf3 O-O 10. e3 Nxc3 11. Qxc3 Bxf3 12. gxf3 c5 13. dxc5 Qxc5 14.
Qxc5 bxc5 15. Rc1 Rc8 16. Bg2 Nd7 17. f4 Rab8 18. Rc2 Nb6 19. O-O Na4 20. Rb1
Rb3 21. Rd2 g6 22. Rd7 Rxb2 23. Be4 Ra2 24. Rbb7 Rf8 25. Rxa7 Nc3 26. Bf3 Nb5
27. Ra5 Rb8 28. Bc6 Nxa3 29. Rda7 Rb6 30. Be4 Rb4 31. Bf3 Rb3 32. h4 c4 33. h5
Kg7 34. Rc7 Ra1+ 35. Kg2 Nc2 36. Rxa1 Nxa1 37. Rxc4 Rb2 38. hxg6 hxg6 39. Be4
Rb6 40. Rc1 Ra6 41. Rb1 f5 42. Bb7 Ra7 43. Bc8 Kf6 44. Rb6 Re7 45. Ba6 Nc2 46.
Bc4 Kf7 47. Kf1 Kf6 48. Ke2 Kf7 49. Kd2 Na3 50. Bb3 Rd7+ 51. Kc1 Rc7+ 52. Kd1
Nc4 53. Ra6 Ke7 54. Ke2 1/2-1/2

[Event "Bad Woerishofen op"]
[Site "?"]
[Date "2003.??.??"]
[Round "5"]
[White "Frank, Albert"]
[Black "Hornung, Hans"]
[Result "0-1"]
[WhiteElo "2070"]
[BlackElo "2189"]
[Annotator "ChessOrg"]
[PlyCount "50"]

1. b3 e5 2. Bb2 d6 3. e3 Nf6 4. d4 Nbd7 5. dxe5 dxe5 6. Bc4 Bb4+ 7. c3 Bd6 8.
Nf3 Qe7 9. Nbd2 Nc5 10. b4 Ne6 11. Bxe6 Bxe6 12. Ng5 O-O 13. Nxe6 Qxe6 14. e4
a5 15. a3 Nd7 16. O-O b5 17. Qe2 c6 18. Rfd1 Nb6 19. Qe3 Na4 20. Bc1 c5 21. Qd3
Rfd8 22. bxc5 Bxc5 23. Qc2 Nxc3 24. Re1 Rac8 25. Qb3 Bxf2+ 0-1

[Event "Bad Woerishofen op"]
[Site "?"]
[Date "2003.??.??"]
[Round "5"]
[White "Santl, Anton"]
[Black "Heinicke, Wenke"]
[Result "0-1"]
[WhiteElo "2180"]
[BlackElo "2064"]
[Annotator "ChessOrg"]
[PlyCount "100"]

1. Nf3 g6 2. c4 Bg7 3. g3 c5 4. Bg2 Nc6 5. Nc3 d6 6. O-O e6 7. Rb1 Nge7 8. a3
a5 9. b3 O-O 10. Bb2 Rb8 11. Nb5 e5 12. d3 h6 13. e3 Bf5 14. Qd2 Qd7 15. Rbc1
b6 16. d4 Rbd8 17. Rfd1 e4 18. Ne1 Bg4 19. f3 exf3 20. Nxf3 Qc8 21. Qf2 cxd4
22. exd4 d5 23. c5 Qb8 24. Re1 bxc5 25. Rxc5 Rd7 26. Ne5 Nxe5 27. dxe5 Rb7 28.
a4 Be6 29. Bf1 Rc8 30. Bd3 Rxc5 31. Qxc5 Bf8 32. Qc2 Nf5 33. Qf2 Qd8 34. Rc1 d4
35. Bc4 Bxc4 36. Rxc4 d3 37. Bc3 Qd5 38. g4 Ng7 39. Bxa5 Qxe5 40. Bc3 Qg5 41.
Qd4 Qc1+ 42. Kg2 Qc2+ 43. Kg3 Rb8 44. Rc7 Qxb3 45. Rd7 Rc8 46. Nc7 Qb8 47. Kh3
Rxc7 48. Rd8 Qxd8 49. Qxd8 Rxc3 50. Qd4 Ra3 0-1

[Event "Bad Woerishofen op"]
[Site "?"]
[Date "2003.??.??"]
[Round "5"]
[White "Martino-Gross, Peter"]
[Black "Wittfoth, Kai-Uwe"]
[Result "0-1"]
[WhiteElo "2053"]
[BlackElo "2175"]
[Annotator "ChessOrg"]
[PlyCount "64"]

1. c4 e6 2. Nc3 d5 3. cxd5 exd5 4. d4 c6 5. Bf4 Nf6 6. Nf3 Be7 7. h3 O-O 8. e3
Bf5 9. Be2 Nbd7 10. O-O Ne4 11. Rc1 Rc8 12. a3 Re8 13. b4 a5 14. Qb3 axb4 15.
axb4 g5 16. Bh2 g4 17. hxg4 Bxg4 18. Rc2 Ndf6 19. Nxe4 Nxe4 20. Ne5 Bxe2 21.
Rxe2 f6 22. Nd3 Bd6 23. Nf4 Kh8 24. f3 Ng5 25. Kf2 Ra8 26. b5 Qe7 27. Rfe1 Ra3
28. Qb2 Bb4 29. Rb1 Rxe3 30. Qxb4 Rxe2+ 31. Nxe2 Qxe2+ 32. Kg1 Nxf3+ 0-1

[Event "Bad Woerishofen op"]
[Site "?"]
[Date "2003.??.??"]
[Round "5"]
[White "Kugelmann, Werner"]
[Black "Edel, Thomas"]
[Result "1-0"]
[WhiteElo "2165"]
[BlackElo "2052"]
[Annotator "ChessOrg"]
[PlyCount "111"]

1. e4 c5 2. Nf3 Nc6 3. c3 d6 4. d4 Nf6 5. Bd3 e5 6. dxc5 dxc5 7. Qe2 a6 8. a4
Be7 9. h3 h6 10. Na3 Qc7 11. O-O O-O 12. Nc4 Be6 13. Na3 Na5 14. Nd2 Rfd8 15.
Nac4 Nxc4 16. Bxc4 Bxc4 17. Nxc4 b5 18. axb5 axb5 19. Rxa8 Rxa8 20. Na3 c4 21.
Nc2 Qc6 22. Re1 Bc5 23. Kh2 Re8 24. Qf3 Rd8 25. Qe2 Qd7 26. f3 Qd3 27. Be3 Bxe3
28. Nxe3 h5 29. h4 Qxe2 30. Rxe2 g6 31. Nc2 Ne8 32. Nb4 f6 33. Kg3 Kf7 34. Kf2
Ke6 35. g3 Rd6 36. Nd5 Ra6 37. Rd2 Ra1 38. Nb4 Nd6 39. Nc2 Rh1 40. Ne3 Rb1 41.
Nd5 f5 42. Nc7+ Ke7 43. exf5 gxf5 44. Re2 e4 45. Nd5+ Kf7 46. Nf4 exf3 47. Kxf3
Ne4 48. Nxh5 Rg1 49. Rc2 Nc5 50. Nf4 Rb1 51. Rd2 Na4 52. Rd5 Rxb2 53. Rxf5+ Kg7
54. Rg5+ Kh8 55. Nd5 Rb3 56. h5 1-0

[Event "Bad Woerishofen op"]
[Site "?"]
[Date "2003.??.??"]
[Round "5"]
[White "Engl, Heinz"]
[Black "Poettinger, Harald"]
[Result "0-1"]
[WhiteElo "2125"]
[BlackElo "2230"]
[Annotator "ChessOrg"]
[PlyCount "64"]

1. e4 e5 2. Nf3 d6 3. d4 exd4 4. Nxd4 Nf6 5. Nc3 Be7 6. Bd3 O-O 7. O-O a6 8. a4
Nc6 9. Nxc6 bxc6 10. Qe2 Re8 11. h3 Nd7 12. Bf4 Bf6 13. Rab1 a5 14. Qd2 Ne5 15.
Bxe5 Bxe5 16. Bc4 Qf6 17. Qd3 g5 18. Ne2 Kh8 19. f4 gxf4 20. Rf3 Be6 21. Rbf1
d5 22. exd5 cxd5 23. Bb5 Rg8 24. Qd2 Rg7 25. c3 Rag8 26. R1f2 Bd6 27. Kh1 c5
28. Nxf4 Qh4 29. Bd3 Rg3 30. Qe3 R8g4 31. Nxe6 Qxh3+ 32. gxh3 Rg1# 0-1

[Event "Bad Woerishofen op"]
[Site "?"]
[Date "2003.??.??"]
[Round "5"]
[White "Mueller, Manfred"]
[Black "Porubszki, Georg"]
[Result "1-0"]
[WhiteElo "2153"]
[BlackElo "2044"]
[Annotator "ChessOrg"]
[PlyCount "21"]

1. e4 c6 2. d4 d5 3. exd5 cxd5 4. Nf3 Qc7 5. c4 Bg4 6. Nc3 dxc4 7. Qa4+ Bd7 8.
Nd5 Qd8 9. Qxc4 Na6 10. Ne5 Rc8 11. Nf6+ 1-0

[Event "Bad Woerishofen op"]
[Site "?"]
[Date "2003.??.??"]
[Round "5"]
[White "Babar, Michael"]
[Black "Schulz, Gert"]
[Result "1-0"]
[WhiteElo "2187"]
[BlackElo "2103"]
[Annotator "ChessOrg"]
[PlyCount "43"]

1. e4 g6 2. d4 Bg7 3. Nf3 c6 4. Bd3 d5 5. e5 Nh6 6. h3 f6 7. exf6 exf6 8. O-O
O-O 9. c4 Be6 10. Re1 dxc4 11. Rxe6 cxd3 12. Nc3 Re8 13. Qb3 Rxe6 14. Qxe6+ Nf7
15. Bf4 Qd7 16. Qb3 Na6 17. Re1 Bf8 18. Ne4 Kg7 19. a3 Re8 20. Qxd3 Nc5 21.
Nxc5 Rxe1+ 22. Nxe1 1-0

[Event "Bad Woerishofen op"]
[Site "?"]
[Date "2003.??.??"]
[Round "5"]
[White "Bischoff, Dieter"]
[Black "Perman, Torvald"]
[Result "0-1"]
[WhiteElo "2212"]
[BlackElo "2083"]
[Annotator "ChessOrg"]
[PlyCount "68"]

1. d4 Nf6 2. c4 e6 3. Nc3 Bb4 4. Qc2 O-O 5. a3 Bxc3+ 6. Qxc3 b6 7. Bg5 Bb7 8.
f3 d6 9. e3 Nbd7 10. Bd3 c5 11. Ne2 cxd4 12. exd4 Rc8 13. Qd2 Ba6 14. b3 d5 15.
cxd5 Bxd3 16. Qxd3 exd5 17. O-O h6 18. Bd2 Nb8 19. Ng3 Qd7 20. Nf5 Rfe8 21.
Rfe1 Rxe1+ 22. Rxe1 Re8 23. Rc1 Nc6 24. g4 Ne7 25. Ne3 Ng6 26. Ng2 Qe7 27. Qa6
Nxg4 28. fxg4 Qe4 29. Qa4 Re6 30. Re1 Qxg4 31. Rxe6 fxe6 32. Qb5 Nh4 33. Qf1
Nf3+ 34. Kh1 Nxd2 0-1

[Event "Bad Woerishofen op"]
[Site "?"]
[Date "2003.??.??"]
[Round "5"]
[White "Boettcher, Ulrich"]
[Black "Pohlers, Juergen"]
[Result "1/2-1/2"]
[WhiteElo "2023"]
[BlackElo "2144"]
[Annotator "ChessOrg"]
[PlyCount "60"]

1. e4 c5 2. b4 cxb4 3. a3 bxa3 4. Nxa3 Nc6 5. d4 d5 6. exd5 Qxd5 7. Nb5 Kd8 8.
Bf4 Bd7 9. Nf3 Qe4+ 10. Be3 Nb4 11. Rc1 Nd5 12. Qd2 Nxe3 13. fxe3 f6 14. Bd3
Qe6 15. O-O Nh6 16. c4 Ng4 17. e4 g6 18. d5 Qa6 19. Rb1 Qb6+ 20. Kh1 Bh6 21.
Qe2 Qe3 22. Qc2 Qc5 23. h3 Ne3 24. Qf2 b6 25. Rfe1 Rc8 26. Nxa7 Nxc4 27. Qxc5
Rxc5 28. Bxc4 Rxc4 29. Rxb6 Bf4 30. Reb1 Re8 1/2-1/2

[Event "Bad Woerishofen op"]
[Site "?"]
[Date "2003.??.??"]
[Round "5"]
[White "Hipp, Hermann"]
[Black "Schellmann, Frank"]
[Result "1/2-1/2"]
[WhiteElo "1864"]
[BlackElo "2115"]
[Annotator "ChessOrg"]
[PlyCount "76"]

1. d4 f5 2. Nf3 Nf6 3. c4 d6 4. Nc3 g6 5. g3 Bg7 6. Bg2 O-O 7. O-O Qe8 8. e4
fxe4 9. Ng5 h6 10. Ngxe4 Nxe4 11. Nxe4 Nc6 12. Be3 e5 13. dxe5 Nxe5 14. c5 Bg4
15. Qd5+ Kh8 16. f4 Be6 17. Qxb7 Ng4 18. Bf2 d5 19. h3 Nxf2 20. Nxf2 c6 21. Nd3
Rf7 22. Qa6 Bc8 23. Qa3 Qe3+ 24. Kh2 Kh7 25. Rae1 Qd4 26. Ne5 Bxe5 27. Rxe5 Bf5
28. Rfe1 a5 29. Re7 Ra7 30. Rxf7+ Rxf7 31. Qxa5 Be4 32. Re2 Bxg2 33. Rxg2 Re7
34. Qd8 Qxc5 35. a4 Re1 36. Qd7+ Re7 37. Qd8 Re1 38. Qd7+ Re7 1/2-1/2

[Event "Bad Woerishofen op"]
[Site "?"]
[Date "2003.??.??"]
[Round "5"]
[White "Bienhuels, Michael"]
[Black "Schlierf, Andre"]
[Result "1/2-1/2"]
[WhiteElo "1912"]
[BlackElo "2107"]
[Annotator "ChessOrg"]
[PlyCount "49"]

1. Nf3 f5 2. e4 fxe4 3. Ng5 Nf6 4. d3 e3 5. Bxe3 e5 6. d4 Nc6 7. d5 Ne7 8. Bc4
d6 9. Nc3 h6 10. Nge4 Nf5 11. Nxf6+ Qxf6 12. Bb5+ Bd7 13. Bxd7+ Kxd7 14. Qd3 a6
15. Ne4 Qf7 16. Bd2 Rd8 17. b4 Nd4 18. c3 Nf5 19. b5 Be7 20. bxa6 bxa6 21. Qc4
Rb8 22. Qc6+ Kd8 23. O-O Bh4 24. Rab1 Rc8 25. c4 1/2-1/2

[Event "Bad Woerishofen op"]
[Site "?"]
[Date "2003.??.??"]
[Round "5"]
[White "Akstinat, Sven-Holger"]
[Black "Lindenmair, Anton"]
[Result "1/2-1/2"]
[WhiteElo "1987"]
[BlackElo "2132"]
[Annotator "ChessOrg"]
[PlyCount "98"]

1. e4 e5 2. Nf3 Nf6 3. Nc3 Bb4 4. Nxe5 O-O 5. Be2 Bxc3 6. dxc3 Nxe4 7. O-O d6
8. Nd3 Nc6 9. Bf3 Bf5 10. Be3 Re8 11. c4 Qf6 12. Rb1 Nd4 13. Nb4 Nxf3+ 14. Qxf3
c6 15. Rfd1 Qg6 16. h3 a5 17. Nd3 Ng5 18. Qg3 Nxh3+ 19. Kh2 Nxf2 20. Qxg6 Bxg6
21. Bxf2 Re2 22. Kg1 Rxc2 23. Nf4 Rxc4 24. Nxg6 hxg6 25. Rxd6 Rc2 26. Bb6 Re8
27. Rd8 Rxd8 28. Bxd8 a4 29. Bb6 f6 30. Bd4 b5 31. a3 c5 32. Bc3 Kf7 33. Rd1
Ke6 34. Rd8 b4 35. axb4 a3 36. bxa3 Rxc3 37. bxc5 Rxa3 38. c6 Rc3 39. Rd7 Rxc6
40. Rxg7 Kf5 41. Kh2 g5 42. Kh3 Rc3+ 43. g3 Rc2 44. Rg8 Ra2 45. Rg7 Ra8 46. Rb7
Re8 47. Rb4 Re4 48. Rb5+ Ke6 49. g4 Re3+ 1/2-1/2

[Event "Bad Woerishofen op"]
[Site "?"]
[Date "2003.??.??"]
[Round "5"]
[White "Laurent, Michel"]
[Black "Fries, Werner"]
[Result "1/2-1/2"]
[WhiteElo "2012"]
[BlackElo "1612"]
[Annotator "ChessOrg"]
[PlyCount "62"]

1. b3 b6 2. Bb2 Bb7 3. c4 Nf6 4. Nc3 e6 5. Nf3 d5 6. e3 Be7 7. Be2 Nbd7 8. d4
c5 9. O-O O-O 10. Ne5 Nxe5 11. dxe5 Ne8 12. cxd5 exd5 13. Bf3 Nc7 14. Qd2 Qd7
15. Rfd1 Rad8 16. Rac1 f6 17. Ne4 Qe6 18. Nd6 Bxd6 19. exd6 Rxd6 20. b4 Na6 21.
bxc5 bxc5 22. Ba3 Rc8 23. Qa5 Nb4 24. Rxc5 Nc6 25. Rxc6 Bxc6 26. Bxd6 Qxd6 27.
h4 Rc7 28. Bxd5+ Bxd5 29. Qxd5+ Qxd5 30. Rxd5 Kf7 31. Ra5 Ke6 1/2-1/2

[Event "Bad Woerishofen op"]
[Site "?"]
[Date "2003.??.??"]
[Round "5"]
[White "Willin, Bernhard"]
[Black "Fries, Elisabeth"]
[Result "1/2-1/2"]
[WhiteElo "2005"]
[BlackElo "1469"]
[Annotator "ChessOrg"]
[PlyCount "101"]

1. Nf3 d5 2. d4 c6 3. e3 Bf5 4. c4 e6 5. Nc3 Nf6 6. Qb3 Qb6 7. c5 Qc7 8. Qa4
Nbd7 9. Be2 Be7 10. b4 O-O 11. O-O a6 12. Bd2 h6 13. Rfc1 Ne4 14. Be1 Bf6 15.
Qd1 Rfe8 16. a4 Nxc3 17. Bxc3 e5 18. b5 axb5 19. axb5 exd4 20. b6 Qb8 21. Rxa8
Qxa8 22. exd4 Qa3 23. Bf1 Nxc5 24. dxc5 Bxc3 25. Nd2 Qa5 26. g4 Bxd2 27. Ra1
Bxg4 28. Qb1 Qc3 29. Ra7 Rb8 30. Qa2 Bf4 31. Rxb7 Bxh2+ 32. Kxh2 Qe5+ 33. Kg1
Bf3 34. Rxb8+ Kh7 35. Qc2+ g6 36. Bd3 Qe1+ 37. Kh2 Qh1+ 38. Kg3 Qg2+ 39. Kf4
Qg4+ 40. Ke5 Qe6+ 41. Kd4 Qf6+ 42. Ke3 d4+ 43. Kd2 Qf4+ 44. Ke1 Qxb8 45. Qb2
Qa8 46. b7 Qa5+ 47. Kf1 Qd8 48. b8=Q Qh4 49. Qg3 Qh1+ 50. Qg1 Qh3+ 51. Ke1
1/2-1/2

[Event "Bad Woerishofen op"]
[Site "?"]
[Date "2003.??.??"]
[Round "5"]
[White "Spenk, Willi"]
[Black "Mathes, Christian"]
[Result "1-0"]
[WhiteElo "1570"]
[BlackElo "1317"]
[Annotator "ChessOrg"]
[PlyCount "35"]

1. e4 e6 2. d4 d5 3. exd5 exd5 4. Nf3 Bf5 5. Bd3 Bxd3 6. Qxd3 c6 7. O-O Nf6 8.
Bg5 Nbd7 9. Re1+ Be7 10. Nbd2 O-O 11. Re2 Re8 12. Rae1 h6 13. Bh4 Kf8 14. Ne5
Qc7 15. Nxd7+ Qxd7 16. Bxf6 Bxf6 17. Qh7 Rxe2 18. Qh8+ 1-0

[Event "Bad Woerishofen op"]
[Site "?"]
[Date "2003.??.??"]
[Round "5"]
[White "Schenk, Uwe"]
[Black "Flueckiger, Joerg"]
[Result "1-0"]
[WhiteElo "2116"]
[BlackElo "2000"]
[Annotator "ChessOrg"]
[PlyCount "61"]

1. Nf3 Nf6 2. c4 e6 3. Nc3 c5 4. g3 b6 5. Bg2 Bb7 6. O-O d6 7. Re1 Be7 8. e4
Nbd7 9. d4 cxd4 10. Nxd4 a6 11. f4 Qc7 12. Be3 O-O 13. Rc1 Rac8 14. g4 Qb8 15.
g5 Ne8 16. b3 g6 17. Qg4 Ng7 18. Nde2 Nc5 19. Red1 Qa8 20. Ng3 Rfd8 21. Qe2 Qb8
22. Rc2 Bc6 23. Bc1 b5 24. Nd5 exd5 25. exd5 Ba8 26. Qxe7 Re8 27. Qf6 Qb6 28.
Kh1 bxc4 29. Bb2 Nce6 30. dxe6 Bxg2+ 31. Rxg2 1-0

[Event "Bad Woerishofen op"]
[Site "?"]
[Date "2003.??.??"]
[Round "5"]
[White "Roesner, Harald"]
[Black "von Saldern, Ruediger"]
[Result "1/2-1/2"]
[WhiteElo "2000"]
[BlackElo "2143"]
[Annotator "ChessOrg"]
[PlyCount "63"]

1. d4 d5 2. Nf3 Nf6 3. Bf4 e6 4. e3 Bd6 5. Bg3 Ne4 6. Bd3 Nxg3 7. hxg3 h6 8.
Nbd2 Nd7 9. Qe2 c5 10. c3 Nf6 11. e4 dxe4 12. Nxe4 cxd4 13. Bb5+ Ke7 14. Nxd4
Nxe4 15. Qxe4 Qb6 16. O-O-O Rd8 17. Nf5+ Kf8 18. Nxd6 Rxd6 19. Rxd6 Qxd6 20.
Rd1 Qc5 21. Qh7 Ke7 22. Qg8 Kf6 23. Be8 Qg5+ 24. f4 Qg6 25. Rd8 e5 26. Bxf7
Qxg3 27. Rd6+ Ke7 28. Qe8+ Kxd6 29. Qxe5+ Kd7 30. Qe6+ Kd8 31. Qe8+ Kc7 32.
Qe5+ 1/2-1/2

[Event "Bad Woerishofen op"]
[Site "?"]
[Date "2003.??.??"]
[Round "5"]
[White "Teich, Udo"]
[Black "Mittelsteiner, Horst"]
[Result "1-0"]
[WhiteElo "2104"]
[BlackElo "1997"]
[Annotator "ChessOrg"]
[PlyCount "105"]

1. d4 d5 2. Nf3 Nf6 3. c4 dxc4 4. e3 e6 5. Bxc4 a6 6. O-O c5 7. Qe2 b5 8. Bd3
Bb7 9. Rd1 c4 10. Bc2 Bd6 11. e4 Be7 12. Nc3 O-O 13. a3 Nbd7 14. e5 Nd5 15. Ne4
h6 16. Bd2 Rc8 17. Ne1 Kh8 18. Qh5 f5 19. exf6 N7xf6 20. Qe2 Qb6 21. Nf3 b4 22.
Ne5 Rfd8 23. Nf7+ Kg8 24. Nxd8 Rxd8 25. Qxc4 Rc8 26. Qd3 b3 27. Nxf6+ Nxf6 28.
Bxb3 Be4 29. Qe3 Rb8 30. Bc4 Bf5 31. h3 Ne4 32. Bd3 Qb7 33. Bxe4 Bxe4 34. Qg3
Kh7 35. Bc3 Bd5 36. Re1 Bf6 37. Rad1 Rf8 38. Bb4 Rf7 39. Qg4 g6 40. Rd2 h5 41.
Qg3 Kh6 42. Bd6 h4 43. Qg4 Bg5 44. f4 Bf6 45. Be5 Bd8 46. Re3 Qd7 47. Rc2 Rf5
48. Rec3 Be4 49. Rc7 Bxc7 50. Rxc7 Qd8 51. Qe2 Bd5 52. Qc2 Rf8 53. Bg7+ 1-0

[Event "Bad Woerishofen op"]
[Site "?"]
[Date "2003.??.??"]
[Round "5"]
[White "Deues, Erik"]
[Black "Ring, Gregor"]
[Result "1-0"]
[WhiteElo "2100"]
[BlackElo "1978"]
[Annotator "ChessOrg"]
[PlyCount "35"]

1. d4 Nf6 2. c4 d6 3. Nc3 g6 4. e4 Bg7 5. f4 Na6 6. Be2 c5 7. d5 h5 8. Nf3 Bd7
9. Ng5 Nh7 10. Nxh7 Rxh7 11. O-O Bd4+ 12. Kh1 Nc7 13. f5 a6 14. fxg6 fxg6 15.
e5 Bxe5 16. Qd3 Rg7 17. Bh6 Rg8 18. Qxg6+ 1-0

[Event "Bad Woerishofen op"]
[Site "?"]
[Date "2003.??.??"]
[Round "5"]
[White "Behl, Torsten"]
[Black "Ragsch, Klaus"]
[Result "0-1"]
[WhiteElo "2094"]
[BlackElo "1890"]
[Annotator "ChessOrg"]
[PlyCount "151"]

1. e4 e5 2. d4 Nf6 3. dxe5 Nxe4 4. Bc4 d5 5. Qxd5 Qxd5 6. Bxd5 Nc5 7. Be3 c6 8.
Bf3 Bf5 9. Bd1 Nbd7 10. Nf3 Na4 11. Bd4 c5 12. Bc3 Ndb6 13. b3 Nxc3 14. Nxc3 c4
15. O-O O-O-O 16. Be2 Bb4 17. Nb5 a6 18. Nbd4 Bg6 19. bxc4 Bc3 20. Rad1 Na4 21.
Nb3 Bxc2 22. Rxd8+ Rxd8 23. Rc1 Bg6 24. Rd1 Re8 25. Rd5 Bb4 26. Bd3 Nc3 27.
Bxg6 hxg6 28. Rd3 Nxa2 29. g3 Rd8 30. Rxd8+ Kxd8 31. Nfd4 a5 32. c5 a4 33. c6
axb3 34. cxb7 Kc7 35. Nxb3 Kxb7 36. Nd4 Kc7 37. e6 f6 38. h4 Bc5 39. Ne2 Bd6
40. f4 Nb4 41. Kg2 Nd3 42. Nd4 Bc5 43. Nb5+ Kc6 44. Nc3 Kd6 45. h5 Kxe6 46.
hxg6 Kf5 47. Kf3 Ne1+ 48. Ke2 Nc2 49. Kf3 Nd4+ 50. Kg2 Kxg6 51. g4 Ba7 52. Ne4
Bb8 53. f5+ Kh6 54. Kh3 Nf3 55. Kg2 Nd4 56. Kh3 Bf4 57. Nf2 Nf3 58. Kg2 Ng5 59.
Nd3 Bd6 60. Nb2 Nf7 61. Nc4 Kg5 62. Kh3 Bb4 63. Nb6 Ne5 64. Nd5 Bd2 65. Nc7 Kh6
66. Ne6 Nf7 67. Kg2 Ng5 68. Nf8 Bb4 69. Ng6 Kh7 70. Nf4 Kg8 71. Nd5 Bc5 72. Nf4
Kf7 73. Nh5 Kf8 74. Kg3 Ke7 75. Nf4 Kd7 76. Kh4 0-1

[Event "Bad Woerishofen op"]
[Site "?"]
[Date "2003.??.??"]
[Round "5"]
[White "Schiessl, Siegfried"]
[Black "Guenther, Thomas"]
[Result "0-1"]
[WhiteElo "1789"]
[BlackElo "2090"]
[Annotator "ChessOrg"]
[PlyCount "111"]

1. c4 Nf6 2. Nc3 g6 3. e4 d6 4. g3 Bg7 5. Bg2 c5 6. Nge2 Nc6 7. h3 O-O 8. O-O
Rb8 9. f4 Nd7 10. f5 Nde5 11. d3 e6 12. g4 a6 13. Rb1 b5 14. b3 Nb4 15. d4 cxd4
16. Nxd4 Nbc6 17. Nxc6 Nxc6 18. cxb5 axb5 19. Ne2 Re8 20. Bb2 Ne5 21. Qd2 Ra8
22. a3 Ra6 23. Kh1 Qh4 24. Kg1 Bh6 25. Qc3 Bd7 26. Rbd1 Rc8 27. Qg3 Qxg3 28.
Nxg3 Be3+ 29. Kh1 Be8 30. Rfe1 Bg5 31. Bc1 Bxc1 32. Rxc1 Rxc1 33. Rxc1 Rxa3 34.
Rc8 Kf8 35. Rc3 Ra8 36. Ne2 Bd7 37. Nd4 Ke7 38. Bf1 Rb8 39. b4 Kd8 40. Kg2 Rb6
41. Kg3 h6 42. Be2 Rb7 43. Rc1 Ke7 44. Kf4 g5+ 45. Kg3 Kf6 46. h4 Ra7 47. hxg5+
hxg5 48. Rc3 Ra4 49. Bxb5 Rxb4 50. Bxd7 Rxd4 51. fxe6 fxe6 52. Bc6 Nxc6 53.
Rxc6 Ke5 54. Kf3 Rxe4 55. Ra6 Rf4+ 56. Kg3 0-1

[Event "Bad Woerishofen op"]
[Site "?"]
[Date "2003.??.??"]
[Round "5"]
[White "Hoennekes, Klaus"]
[Black "Wegemund, Hubert"]
[Result "1-0"]
[WhiteElo "2089"]
[BlackElo "1790"]
[Annotator "ChessOrg"]
[PlyCount "85"]

1. e4 c5 2. Nc3 Nc6 3. g3 g6 4. d3 Bg7 5. Bg2 d6 6. f4 e6 7. Nf3 Nge7 8. O-O
O-O 9. Be3 Nd4 10. Qd2 d5 11. Nd1 Nxf3+ 12. Bxf3 d4 13. Bf2 e5 14. fxe5 Nc6 15.
Bg2 Qe7 16. c3 Bxe5 17. cxd4 cxd4 18. Rc1 Be6 19. b3 Rfc8 20. Be1 a5 21. Nb2 b5
22. a4 Nb4 23. axb5 Rxc1 24. Qxc1 Bxb3 25. Qd2 Qc5 26. Nc4 Bxc4 27. dxc4 Qxc4
28. b6 Qb5 29. Qg5 Nc6 30. Bh3 Qxb6 31. Bd7 Bg7 32. Qd5 a4 33. Bxc6 Rd8 34. Qb5
Qxb5 35. Bxb5 a3 36. Bc4 Rc8 37. Bxf7+ Kh8 38. Bb4 Ra8 39. Ra1 Ra4 40. Bc5 Ra5
41. Bd6 Ra6 42. e5 Ra7 43. Rxa3 1-0

[Event "Bad Woerishofen op"]
[Site "?"]
[Date "2003.??.??"]
[Round "5"]
[White "Duckstein, Torsten"]
[Black "Schmitzer, Peter"]
[Result "0-1"]
[WhiteElo "1843"]
[BlackElo "2089"]
[Annotator "ChessOrg"]
[PlyCount "56"]

1. d4 Nf6 2. Nf3 g6 3. g3 Bg7 4. Bg2 d6 5. O-O O-O 6. b3 c6 7. Bb2 Qc7 8. c4
Nbd7 9. Qc2 b6 10. Nbd2 Bb7 11. e4 e5 12. dxe5 dxe5 13. Rfe1 Rad8 14. b4 Rfe8
15. Rad1 Bf8 16. a3 a5 17. Qb3 Nh5 18. Nb1 Ng7 19. Rd3 Ne6 20. Bh3 axb4 21.
Bxe6 Rxe6 22. axb4 Rd6 23. Red1 Rxd3 24. Qxd3 Be7 25. Qe2 f6 26. c5 bxc5 27.
Qc4+ Kg7 28. Qe6 Nf8 0-1